Africa Minesweeper Quiz Stats

 Plays Quiz Updated Jan 11, 2019

Support Sporcle.
Go Orange.
Score 0/46 Timer 07:00
2 Plays Today
% Correct
???
74.1%
???
68.8%
???
67.3%
???
66.8%
???
66.3%
???
65.8%
???
65.6%
???
65.6%
???
64.2%
???
63.6%
???
63.2%
???
62.6%
???
62.5%
???
61.3%
???
60.7%
???
60.1%
???
59.9%
???
58.7%
???
56.8%
???
55.9%
???
55.9%
???
55.5%
???
54.6%
% Correct
???
54.4%
???
53.8%
???
53.4%
???
52.7%
???
52.1%
???
51.2%
???
50.6%
???
50.3%
???
48.7%
???
47.5%
???
45.4%
???
42.3%
???
39.5%
???
38.6%
???
38.6%
???
35.7%
???
35.5%
???
35.3%
???
35.2%
???
34.8%
???
31.3%
???
30.5%
???
29.8%

From the Vault

Find the Missing Fauna in Bible Verses

by timmylemoine1

We searched and searched, but no golden calf...
Remove Ads.
Support Sporcle.
Get the best of Sporcle when you Go Orange. This ad-free experience offers more features, more stats, and more fun while also helping to support Sporcle. Thank you for becoming a member.

Show Comments

Extras

Top Quizzes Today


Score Distribution

Your Account Isn't Verified!

In order to create a playlist on Sporcle, you need to verify the email address you used during registration. Go to your Sporcle Settings to finish the process.

Report this User

Report this user for behavior that violates our Community Guidelines.

Details: